|
|
|
|
| LEADER |
00879naa a2200217 i 4500 |
| 001 |
publ19939 |
| 005 |
20201119085717.0 |
| 008 |
201119s2020 hu o 0|| zxx d |
| 020 |
|
|
|a 9783030583231; 9783030583224
|
| 024 |
7 |
|
|a 10.1007/978-3-030-58323-1_31
|2 doi
|
| 024 |
7 |
|
|a 31601915
|2 mtmt
|
| 040 |
|
|
|a SZTE Publicatio Repozitórium
|b hun
|
| 041 |
|
|
|a zxx
|
| 100 |
1 |
|
|a Vetráb Mercedes
|
| 245 |
1 |
0 |
|a Investigating the Corpus Independence of the Bag-of-Audio-Words Approach
|h [elektronikus dokumentum] /
|c Vetráb Mercedes
|
| 260 |
|
|
|a Springer International Publishing
|b Cham
|c 2020
|
| 300 |
|
|
|a 9
|
| 300 |
|
|
|a 285-293
|
| 490 |
0 |
|
|a Text, Speech, and Dialogue: 23rd International Conference, TSD 2020 Brno, Czech Republic, September 8–11, 2020 Proceedings
|
| 700 |
0 |
1 |
|a Gosztolya Gábor
|e aut
|
| 856 |
4 |
0 |
|u http://publicatio.bibl.u-szeged.hu/19939/1/2020-tsd-boaw.pdf
|z Dokumentum-elérés
|